[Event "18. Obert Int. Sant Marti 2016 - B"]
[Site "Barcelona ESP"]
[Date "2016.07.20"]
[Round "8.46"]
[White "Tsulaia, Mariam"]
[Black "Palau Fontanet, David"]
[Result "1/2-1/2"]
[WhiteElo "1588"]
[BlackElo "1703"]
[PlyCount "44"]
[EventDate "2016.07.13"]
[EventType "swiss"]
[EventRounds "9"]
[EventCountry "ESP"]
[SourceTitle "Ajedrez en Madrid"]
[Source "lmi"]
[SourceDate "2016.07.13"]
[SourceVersion "1"]
[SourceVersionDate "2019.06.21"]
[SourceQuality "1"]

1. e4 c5 2. d4 cxd4 3. c3 dxc3 4. Nxc3 e6 5. Nf3 Nc6 6. Bc4 Qc7 7. O-O Nf6 8.
Re1 Bc5 9. h3 d6 10. Nb5 Qb8 11. Bf4 e5 12. Bg3 a6 13. Nc3 Nd4 14. Ng5 Be6 15.
Nxe6 fxe6 16. Kh1 b5 17. Bb3 O-O 18. f4 Kh8 19. fxe5 dxe5 20. Qd3 Nh5 21. Ne2
Nxe2 22. Rxe2 Qd6 1/2-1/2

[Event "18. Obert Int. Sant Marti 2016 - B"]
[Site "Barcelona ESP"]
[Date "2016.07.20"]
[Round "8.47"]
[White "Berengeno Vierge, Rodolfo"]
[Black "Nunez Romeo, Fausto"]
[Result "1-0"]
[WhiteElo "1699"]
[BlackElo "1545"]
[PlyCount "51"]
[EventDate "2016.07.13"]
[EventType "swiss"]
[EventRounds "9"]
[EventCountry "ESP"]
[SourceTitle "Ajedrez en Madrid"]
[Source "lmi"]
[SourceDate "2016.07.13"]
[SourceVersion "1"]
[SourceVersionDate "2019.06.21"]
[SourceQuality "1"]

1. d4 d5 2. Bf4 Nc6 3. e3 Bd7 4. c3 Nf6 5. Bd3 g6 6. h3 Bg7 7. Nf3 e6 8. Nbd2
Nh5 9. Bh2 Ne7 10. Ne5 Nf6 11. Nxd7 Nxd7 12. c4 c5 13. Nb3 O-O 14. O-O b6 15.
Qe2 cxd4 16. Nxd4 e5 17. Nb3 e4 18. Bb1 Re8 19. cxd5 Nxd5 20. Nd4 Rc8 21. a3
Nc5 22. Rd1 f5 23. Ba2 Kh8 24. Nb5 Nd3 25. Nd6 f4 26. Nf7+ 1-0

[Event "18. Obert Int. Sant Marti 2016 - B"]
[Site "Barcelona ESP"]
[Date "2016.07.20"]
[Round "8.48"]
[White "Martin Sanchez, Antoni"]
[Black "Cassi De La Viuda, Alex"]
[Result "1/2-1/2"]
[WhiteElo "1678"]
[BlackElo "1330"]
[PlyCount "95"]
[EventDate "2016.07.13"]
[EventType "swiss"]
[EventRounds "9"]
[EventCountry "ESP"]
[SourceTitle "Ajedrez en Madrid"]
[Source "lmi"]
[SourceDate "2016.07.13"]
[SourceVersion "1"]
[SourceVersionDate "2019.06.21"]
[SourceQuality "1"]

1. d4 Nf6 2. Nf3 e6 3. Bf4 c5 4. e3 b6 5. h3 Bb7 6. c3 cxd4 7. exd4 Be7 8. Bd3
O-O 9. O-O Nd5 10. Bg3 f5 11. Nbd2 Nc6 12. Re1 a6 13. Nc4 f4 14. Bh2 b5 15.
Nce5 Bd6 16. Nxc6 Bxc6 17. Ne5 Bxe5 18. Rxe5 f3 19. g4 Nf4 20. Bxf4 Rxf4 21.
Qc2 g6 22. Bxg6 Qe7 23. Bd3 Qg7 24. Kf1 Rf6 25. Ke1 Rh6 26. Bf1 d6 27. Re3 Re8
28. Kd2 e5 29. Rae1 e4 30. Kc1 d5 31. Qb3 Kh8 32. Qb4 Rc8 33. a3 Qa7 34. Qa5
Bb7 35. Kd2 Qb8 36. Rb1 Qh2 37. Ke1 Qg1 38. Qb4 Rhc6 39. Qe7 R6c7 40. Qe5+ Rg7
41. Ra1 Rcg8 42. b3 Rc8 43. a4 bxa4 44. Rxa4 Bc6 45. Rb4 Bb5 46. c4 dxc4 47.
bxc4 Bxc4 48. Rxc4 1/2-1/2

[Event "18. Obert Int. Sant Marti 2016 - B"]
[Site "Barcelona ESP"]
[Date "2016.07.20"]
[Round "8.50"]
[White "Castillo Dalmau, Arnau"]
[Black "Gonzalez Canovas, Sebastia"]
[Result "1/2-1/2"]
[WhiteElo "1418"]
[BlackElo "1659"]
[PlyCount "47"]
[EventDate "2016.07.13"]
[EventType "swiss"]
[EventRounds "9"]
[EventCountry "ESP"]
[SourceTitle "Ajedrez en Madrid"]
[Source "lmi"]
[SourceDate "2016.07.13"]
[SourceVersion "1"]
[SourceVersionDate "2019.06.21"]
[SourceQuality "1"]

1. e4 c5 2. Nf3 d6 3. d4 cxd4 4. Nxd4 Nf6 5. f3 g6 6. c4 Nc6 7. Nc3 Bg7 8. Be3
a6 9. Be2 O-O 10. Qd2 Bd7 11. O-O Re8 12. Rfd1 Rc8 13. Rac1 Ne5 14. b3 Qc7 15.
Nd5 Qb8 16. Nb6 Rc7 17. Nd5 Nxd5 18. cxd5 Rec8 19. Rxc7 Rxc7 20. Rc1 Qc8 21.
Rxc7 Qxc7 22. Qc1 Qxc1+ 23. Bxc1 Kf8 24. Be3 1/2-1/2

[Event "18. Obert Int. Sant Marti 2016 - B"]
[Site "Barcelona ESP"]
[Date "2016.07.20"]
[Round "8.52"]
[White "Cano Vila, Eduard"]
[Black "Serentill Tost, Eduard"]
[Result "0-1"]
[WhiteElo "1353"]
[BlackElo "1650"]
[PlyCount "114"]
[EventDate "2016.07.13"]
[EventType "swiss"]
[EventRounds "9"]
[EventCountry "ESP"]
[SourceTitle "Ajedrez en Madrid"]
[Source "lmi"]
[SourceDate "2016.07.13"]
[SourceVersion "1"]
[SourceVersionDate "2019.06.21"]
[SourceQuality "1"]

1. e4 e6 2. d4 d5 3. e5 c5 4. c3 Qb6 5. Nf3 Nc6 6. a3 cxd4 7. cxd4 Nh6 8. Nc3
Nf5 9. Bb5 Bd7 10. O-O Nxe5 11. Bxd7+ Nxd7 12. Re1 Be7 13. Qa4 Qc6 14. Qb3 Qb6
15. Qa4 Qc6 16. Qb3 O-O 17. g4 Nh4 18. Nxh4 Bxh4 19. Bf4 Bd8 20. Rac1 Qb6 21.
Qd1 Rc8 22. Re3 Rc6 23. b4 Bc7 24. Na4 Rxc1 25. Qxc1 Qb5 26. Qxc7 Qxa4 27. Qc1
Nf6 28. Rh3 Qd7 29. Bh6 Rc8 30. Qg5 Ne8 31. Bxg7 Nxg7 32. Qh6 f6 33. Qxh7+ Kf7
34. g5 f5 35. Rh6 Qc7 36. Rf6+ Ke7 37. Qxg7+ Kd6 38. Qxc7+ Rxc7 39. Rh6 Rc4 40.
g6 Rxd4 41. g7 Rg4+ 42. Kf1 Rxg7 43. Ke2 d4 44. Kd3 Kd5 45. f4 Rc7 46. h4 Rc3+
47. Kd2 Rxa3 48. h5 Rf3 49. Rh8 Rxf4 50. h6 Ke5 51. h7 Rh4 52. Kd3 b5 53. Kd2
Ke4 54. Ke2 Rh2+ 55. Kd1 e5 56. Ke1 d3 57. Kd1 Ke3 0-1

[Event "18. Obert Int. Sant Marti 2016 - B"]
[Site "Barcelona ESP"]
[Date "2016.07.20"]
[Round "8.56"]
[White "Sanchez Coves, Juan Josep"]
[Black "Pereda Villalba, Julian"]
[Result "0-1"]
[WhiteElo "1610"]
[BlackElo "1824"]
[PlyCount "90"]
[EventDate "2016.07.13"]
[EventType "swiss"]
[EventRounds "9"]
[EventCountry "ESP"]
[SourceTitle "Ajedrez en Madrid"]
[Source "lmi"]
[SourceDate "2016.07.13"]
[SourceVersion "1"]
[SourceVersionDate "2019.06.21"]
[SourceQuality "1"]

1. e4 e5 2. Nf3 Nc6 3. Bc4 Be7 4. d4 exd4 5. Nxd4 Nf6 6. O-O O-O 7. Nc3 Nxd4 8.
Qxd4 d6 9. Nd5 Nxd5 10. exd5 Bf6 11. Qd3 Bg4 12. Qg3 Bf5 13. c3 Bh4 14. Qf3 Bg6
15. g3 Bg5 16. Bxg5 Qxg5 17. h4 Qf5 18. Qxf5 Bxf5 19. Kg2 Rfe8 20. Rfe1 Kf8 21.
f3 a6 22. a4 Rad8 23. g4 Bd7 24. a5 f6 25. h5 Kf7 26. Bd3 g6 27. hxg6+ hxg6 28.
Rh1 Kg7 29. Rae1 Re5 30. c4 Rde8 31. Kf2 f5 32. gxf5 Rxe1 33. Rxe1 Rxe1 34.
Kxe1 gxf5 35. Kd2 f4 36. b4 Kf6 37. c5 Ke5 38. Be4 Bb5 39. c6 bxc6 40. dxc6 d5
41. Bb1 Kd4 42. Ba2 Bxc6 43. Ke2 Bb5+ 44. Kd2 c6 45. Bb1 Kc4 0-1

[Event "18. Obert Int. Sant Marti 2016 - B"]
[Site "Barcelona ESP"]
[Date "2016.07.20"]
[Round "8.57"]
[White "Santolaria Sanz, Xavier"]
[Black "Ferres Saez, Joan"]
[Result "1/2-1/2"]
[WhiteElo "1607"]
[BlackElo "1763"]
[PlyCount "88"]
[EventDate "2016.07.13"]
[EventType "swiss"]
[EventRounds "9"]
[EventCountry "ESP"]
[SourceTitle "Ajedrez en Madrid"]
[Source "lmi"]
[SourceDate "2016.07.13"]
[SourceVersion "1"]
[SourceVersionDate "2019.06.21"]
[SourceQuality "1"]

1. e4 c5 2. Nf3 g6 3. d4 cxd4 4. Nxd4 Bg7 5. Be3 Nc6 6. Be2 Nf6 7. Nc3 O-O 8.
Qd2 d5 9. Nxc6 bxc6 10. e5 Nd7 11. Bh6 Nxe5 12. Bxg7 Kxg7 13. O-O-O Qa5 14. h4
f6 15. h5 g5 16. f4 Nf7 17. h6+ Kh8 18. Bh5 gxf4 19. Bxf7 Rxf7 20. Qxf4 e5 21.
Qg3 Be6 22. a3 Rg8 23. Qh2 Qc7 24. Rhf1 Rg6 25. Ne2 d4 26. Rd3 Bc4 27. Rd2 c5
28. Qh4 Qe7 29. Rf2 Be6 30. Ng3 Rg4 31. Qh3 Rg5 32. Qh2 f5 33. Nh5 Bd5 34. Rde2
e4 35. Nf4 Bc4 36. Re1 Rg4 37. b3 Ba6 38. Qh5 Qf6 39. Nd5 Qg6 40. Qxg6 Rxg6 41.
Rxe4 Rf8 42. Re5 Bb7 43. Rfe2 Bc6 44. Rf2 Bxd5 1/2-1/2

[Event "18. Obert Int. Sant Marti 2016 - B"]
[Site "Barcelona ESP"]
[Date "2016.07.20"]
[Round "8.58"]
[White "Demestres Lopez, Ricard"]
[Black "De Figueiredo Coutinho, Rocco"]
[Result "1-0"]
[WhiteElo "1643"]
[BlackElo "1474"]
[PlyCount "44"]
[EventDate "2016.07.13"]
[EventType "swiss"]
[EventRounds "9"]
[EventCountry "ESP"]
[SourceTitle "Ajedrez en Madrid"]
[Source "lmi"]
[SourceDate "2016.07.13"]
[SourceVersion "1"]
[SourceVersionDate "2019.06.21"]
[SourceQuality "1"]

1. e4 e5 2. Nf3 Nc6 3. d4 exd4 4. Nxd4 Nf6 5. Nxc6 bxc6 6. Bd3 d6 7. O-O Be7 8.
Re1 O-O 9. Bg5 Re8 10. Nd2 Nd7 11. Bxe7 Rxe7 12. c4 Nc5 13. Bc2 Ne6 14. Nb3 c5
15. g3 f6 16. f4 Qe8 17. f5 Ng5 18. Qd5+ Kh8 19. Qxa8 Nf3+ 20. Kf2 Nxe1 21.
Rxe1 h6 22. Qd5 Qh5 1-0

[Event "18. Obert Int. Sant Marti 2016 - B"]
[Site "Barcelona ESP"]
[Date "2016.07.20"]
[Round "8.59"]
[White "Febrero Perez, Lluis"]
[Black "Pera Muntasell, Marc"]
[Result "0-1"]
[WhiteElo "1642"]
[BlackElo "1450"]
[PlyCount "62"]
[EventDate "2016.07.13"]
[EventType "swiss"]
[EventRounds "9"]
[EventCountry "ESP"]
[SourceTitle "Ajedrez en Madrid"]
[Source "lmi"]
[SourceDate "2016.07.13"]
[SourceVersion "1"]
[SourceVersionDate "2019.06.21"]
[SourceQuality "1"]

1. e4 c5 2. Nf3 d6 3. Bb5+ Bd7 4. Qe2 a6 5. Bxd7+ Nxd7 6. b3 g6 7. Bb2 Ngf6 8.
d4 cxd4 9. Bxd4 Bg7 10. c4 O-O 11. O-O Qc7 12. e5 dxe5 13. Nxe5 Ng4 14. Qxg4
Nxe5 15. Qe4 Rfd8 16. Rd1 Nc6 17. Na3 Rxd4 18. Qe2 Rh4 19. g3 Bxa1 20. gxh4 Bg7
21. Nc2 h5 22. Ne3 e6 23. Ng2 Rd8 24. Rf1 Nd4 25. Qe3 Qe5 26. Qh3 Ne2+ 27. Kh1
Nf4 28. Qf3 Nxg2 29. Kxg2 b5 30. cxb5 axb5 31. Kh1 Qd5 0-1

[Event "18. Obert Int. Sant Marti 2016 - B"]
[Site "Barcelona ESP"]
[Date "2016.07.20"]
[Round "8.60"]
[White "Pascual Duran, Pau"]
[Black "Domenche Redondo, Francesc"]
[Result "1-0"]
[WhiteElo "1480"]
[BlackElo "1622"]
[PlyCount "39"]
[EventDate "2016.07.13"]
[EventType "swiss"]
[EventRounds "9"]
[EventCountry "ESP"]
[SourceTitle "Ajedrez en Madrid"]
[Source "lmi"]
[SourceDate "2016.07.13"]
[SourceVersion "1"]
[SourceVersionDate "2019.06.21"]
[SourceQuality "1"]

1. e4 e5 2. Nf3 Nf6 3. Nxe5 d6 4. Nf3 Nxe4 5. Nc3 Nxc3 6. dxc3 Be7 7. Bf4 O-O
8. Qd2 Nc6 9. O-O-O Be6 10. Kb1 h6 11. h4 Bf6 12. Bd3 Ne5 13. Ng5 Qd7 14. Nh7
Qa4 15. Nxf6+ gxf6 16. b3 Qc6 17. Bxh6 Rfe8 18. Qf4 f5 19. Qg5+ Ng6 20. Qf6 1-0

[Event "18. Obert Int. Sant Marti 2016 - B"]
[Site "Barcelona ESP"]
[Date "2016.07.20"]
[Round "8.63"]
[White "Ylla Soro, Rafael"]
[Black "Orts Gonzalez, Rafael"]
[Result "1-0"]
[WhiteElo "1559"]
[BlackElo "1191"]
[PlyCount "39"]
[EventDate "2016.07.13"]
[EventType "swiss"]
[EventRounds "9"]
[EventCountry "ESP"]
[SourceTitle "Ajedrez en Madrid"]
[Source "lmi"]
[SourceDate "2016.07.13"]
[SourceVersion "1"]
[SourceVersionDate "2019.06.21"]
[SourceQuality "1"]

1. e4 Nf6 2. e5 Nd5 3. c4 Nf4 4. d4 c5 5. Bxf4 d6 6. exd6 exd6 7. dxc5 Qe7+ 8.
Qe2 Be6 9. cxd6 Qf6 10. Be5 Qh6 11. Nc3 Nd7 12. Nf3 f6 13. Bg3 Kf7 14. Qe3 Bh3
15. Qxh6 Re8+ 16. Qe3 Rxe3+ 17. fxe3 Be6 18. Be2 g5 19. O-O g4 20. Ng5+ 1-0

[Event "18. Obert Int. Sant Marti 2016 - B"]
[Site "Barcelona ESP"]
[Date "2016.07.20"]
[Round "8.65"]
[White "Perez Ramirez, Placido"]
[Black "Gomez Guinovart, Josep Manel"]
[Result "1/2-1/2"]
[WhiteElo "1211"]
[BlackElo "1733"]
[PlyCount "88"]
[EventDate "2016.07.13"]
[EventType "swiss"]
[EventRounds "9"]
[EventCountry "ESP"]
[SourceTitle "Ajedrez en Madrid"]
[Source "lmi"]
[SourceDate "2016.07.13"]
[SourceVersion "1"]
[SourceVersionDate "2019.06.21"]
[SourceQuality "1"]

1. e4 e6 2. d4 d5 3. e5 c5 4. c3 Nc6 5. Nf3 Qb6 6. Be2 Bd7 7. O-O Rc8 8. Na3 a6
9. Nc2 Nge7 10. Rb1 cxd4 11. cxd4 Nb4 12. Ne3 Nxa2 13. Bd2 Nb4 14. Qb3 Nec6 15.
Rfc1 Nxd4 16. Rxc8+ Bxc8 17. Nxd4 Qxd4 18. Bxb4 Qxb4 19. Qc2 Qc5 20. Qd2 Bd7
21. Rc1 Qb6 22. Nd1 Be7 23. Qf4 Qb4 24. Qg3 g6 25. h4 Qxh4 26. Qe3 Bg5 27. Qc3
Bxc1 28. Qxc1 Qd8 29. Ne3 h5 30. g3 h4 31. Ng4 hxg3 32. Qc5 gxf2+ 33. Kxf2 Qh4+
34. Ke3 Qg3+ 35. Kd2 Qf4+ 36. Kc2 Qe4+ 37. Kd2 Qf4+ 38. Kc2 Ba4+ 39. b3 Bxb3+
40. Kxb3 Rh3+ 41. Kc2 Qa4+ 42. Kd2 Qf4+ 43. Kc2 Qa4+ 44. Kd2 Qf4+ 1/2-1/2

[Event "18. Obert Int. Sant Marti 2016 - B"]
[Site "Barcelona ESP"]
[Date "2016.07.20"]
[Round "8.66"]
[White "Minko, Aleksandr"]
[Black "Bernat Mor, Juli"]
[Result "1/2-1/2"]
[WhiteElo "1145"]
[BlackElo "1239"]
[PlyCount "82"]
[EventDate "2016.07.13"]
[EventType "swiss"]
[EventRounds "9"]
[EventCountry "ESP"]
[SourceTitle "Ajedrez en Madrid"]
[Source "lmi"]
[SourceDate "2016.07.13"]
[SourceVersion "1"]
[SourceVersionDate "2019.06.21"]
[SourceQuality "1"]

1. e4 c6 2. d4 d5 3. exd5 cxd5 4. Bd3 Nc6 5. c3 Nf6 6. Bf4 g6 7. Nd2 Bg7 8. Nb3
O-O 9. h3 a6 10. g4 b6 11. Nf3 Re8 12. Ne5 Qc7 13. Nxg6 Qb7 14. Nh4 e6 15. Qc2
e5 16. Be3 e4 17. Be2 a5 18. g5 Nd7 19. Nf5 Ne7 20. Nh6+ Kf8 21. Bh5 Ng6 22. f4
exf3 23. Qf2 Bxh6 24. gxh6 Nf6 25. Bxg6 fxg6 26. Qxf3 Bf5 27. O-O-O a4 28. Nd2
b5 29. Bg5 Qf7 30. Bxf6 Qxf6 31. Qxd5 b4 32. Qc5+ Kg8 33. Qxb4 Rec8 34. Rhf1
Qh4 35. Qb7 Qxh6 36. Qd5+ Kh8 37. Qe5+ Kg8 38. Qd5+ Kh8 39. Qe5+ Kg8 40. Qd5+
Kh8 41. Qe5+ Kg8 1/2-1/2

[Event "18. Obert Int. Sant Marti 2016 - B"]
[Site "Barcelona ESP"]
[Date "2016.07.20"]
[Round "8.68"]
[White "Antequera Garcia, Luis"]
[Black "Minko, Uliana"]
[Result "1-0"]
[WhiteElo "1333"]
[BlackElo "1251"]
[PlyCount "47"]
[EventDate "2016.07.13"]
[EventType "swiss"]
[EventRounds "9"]
[EventCountry "ESP"]
[SourceTitle "Ajedrez en Madrid"]
[Source "lmi"]
[SourceDate "2016.07.13"]
[SourceVersion "1"]
[SourceVersionDate "2019.06.21"]
[SourceQuality "1"]

1. e4 e6 2. d4 d5 3. Nc3 c5 4. Nf3 Bd7 5. Be2 a6 6. O-O Qb6 7. Rb1 Ne7 8. Bf4
Ng6 9. Bg3 Qa5 10. exd5 cxd4 11. Qxd4 Bc5 12. Qxg7 Bf8 13. Qd4 b5 14. Bd3 f5
15. dxe6 Bxe6 16. Rfe1 Kf7 17. Nd5 Bg7 18. Ne5+ Nxe5 19. Bxe5 Nc6 20. Qc5 Nxe5
21. Qe7+ Kg6 22. Qxe6+ Kh5 23. Qxf5+ Kh6 24. Re3 1-0

[Event "18. Obert Int. Sant Marti 2016 - B"]
[Site "Barcelona ESP"]
[Date "2016.07.21"]
[Round "9.2"]
[White "Minko, Dmitry"]
[Black "Cano Sevila, Ivan"]
[Result "1-0"]
[WhiteElo "1884"]
[BlackElo "1853"]
[PlyCount "99"]
[EventDate "2016.07.13"]
[EventType "swiss"]
[EventRounds "9"]
[EventCountry "ESP"]
[SourceTitle "Ajedrez en Madrid"]
[Source "lmi"]
[SourceDate "2016.07.13"]
[SourceVersion "1"]
[SourceVersionDate "2019.06.21"]
[SourceQuality "1"]

1. e4 c5 2. Nf3 g6 3. d4 cxd4 4. Nxd4 Nf6 5. f3 Bg7 6. c4 Nc6 7. Be3 O-O 8. Nc3
Qb6 9. Na4 Qa5+ 10. Bd2 Qd8 11. Nb3 d6 12. Be3 Bd7 13. Nc3 Rc8 14. Be2 Ne5 15.
c5 dxc5 16. Nxc5 Bc6 17. Kf2 Qxd1 18. Rhxd1 Rfd8 19. Nb3 b6 20. Nd4 h5 21. Nxc6
Nxc6 22. Rxd8+ Rxd8 23. Rd1 Rxd1 24. Bxd1 Nd7 25. Ba4 Nde5 26. Ke2 Na5 27. Bd4
Nb7 28. b3 Nd6 29. f4 Ng4 30. Bxg7 Kxg7 31. h3 Nh6 32. Bc6 e6 33. Kd3 Ng8 34.
e5 Nf5 35. Bb7 f6 36. Kc4 fxe5 37. fxe5 Nge7 38. Kb5 Nd4+ 39. Ka6 Nec6 40. Bxc6
Nxc6 41. Kb7 Nxe5 42. Kxa7 Nd7 43. Kb7 Kf7 44. Kc7 Ke7 45. b4 g5 46. a4 g4 47.
Ne4 gxh3 48. gxh3 Nf6 49. Nxf6 Kxf6 50. a5 1-0

[Event "18. Obert Int. Sant Marti 2016 - B"]
[Site "Barcelona ESP"]
[Date "2016.07.21"]
[Round "9.3"]
[White "Perez Garcia, Jose Miguel"]
[Black "Palacios Pena, Gerardo"]
[Result "0-1"]
[WhiteElo "1904"]
[BlackElo "1903"]
[PlyCount "136"]
[EventDate "2016.07.13"]
[EventType "swiss"]
[EventRounds "9"]
[EventCountry "ESP"]
[SourceTitle "Ajedrez en Madrid"]
[Source "lmi"]
[SourceDate "2016.07.13"]
[SourceVersion "1"]
[SourceVersionDate "2019.06.21"]
[SourceQuality "1"]

1. Nf3 Nf6 2. d4 g6 3. Nc3 d5 4. Bf4 c6 5. Qd2 Nbd7 6. O-O-O Bg7 7. Ne5 Nxe5 8.
Bxe5 h5 9. Kb1 Bh6 10. Bf4 Bxf4 11. Qxf4 Qd6 12. Qd2 Bf5 13. e3 O-O-O 14. Bd3
Bxd3 15. cxd3 e5 16. dxe5 Qxe5 17. d4 Qf5+ 18. Qd3 Qxd3+ 19. Rxd3 Ng4 20. Nd1
Rhe8 21. f3 Nf6 22. Kc2 Kc7 23. Kd2 Kd6 24. Nf2 Re7 25. Re1 Rde8 26. Ra3 a6 27.
Rb3 Kc7 28. Nd3 Nd7 29. Rc3 Kd6 30. Nc5 Nxc5 31. Rxc5 f5 32. Kd3 Re6 33. Rc2
R6e7 34. Rce2 Re6 35. Rg1 R8e7 36. g3 Re8 37. h3 R8e7 38. g4 hxg4 39. hxg4 f4
40. Rge1 fxe3 41. Rxe3 b6 42. b4 Rxe3+ 43. Rxe3 Rf7 44. Ke2 Rf4 45. Rd3 c5 46.
bxc5+ bxc5 47. Ra3 Rxd4 48. Rxa6+ Ke5 49. Ke3 g5 50. Rg6 Ra4 51. Rxg5+ Ke6 52.
Rg6+ Kd7 53. g5 Rxa2 54. Rb6 d4+ 55. Ke4 Re2+ 56. Kf5 d3 57. Rb7+ Kc6 58. Rb8
Kc7 59. Rb1 d2 60. Rd1 c4 61. g6 c3 62. g7 Rg2 63. Kf6 c2 64. Rxd2 Rxd2 65.
g8=Q c1=Q 66. Qf7+ Rd7 67. Qa2 Qf4+ 68. Kg6 Rd6+ 0-1

[Event "18. Obert Int. Sant Marti 2016 - B"]
[Site "Barcelona ESP"]
[Date "2016.07.21"]
[Round "9.4"]
[White "Costa Trave, Jaume"]
[Black "Cardenas, Fernando Adrian"]
[Result "0-1"]
[WhiteElo "1902"]
[BlackElo "1943"]
[PlyCount "104"]
[EventDate "2016.07.13"]
[EventType "swiss"]
[EventRounds "9"]
[EventCountry "ESP"]
[SourceTitle "Ajedrez en Madrid"]
[Source "lmi"]
[SourceDate "2016.07.13"]
[SourceVersion "1"]
[SourceVersionDate "2019.06.21"]
[SourceQuality "1"]

1. f4 Nf6 2. Nf3 c5 3. e3 g6 4. d4 Bg7 5. c3 O-O 6. Bc4 d5 7. Bd3 Qc7 8. O-O b6
9. Na3 Ba6 10. Nb5 Qc8 11. a4 Nc6 12. Ng5 h6 13. Nf3 Ne4 14. Ne5 Nxe5 15. fxe5
Bb7 16. Bd2 Qd7 17. Be1 c4 18. Bc2 Bc6 19. Na3 a6 20. Nb1 f5 21. Nd2 Ng5 22.
Nf3 Ne4 23. Nh4 Qe6 24. Qe2 Rfb8 25. g3 Rf8 26. Qf3 Bd7 27. b3 b5 28. Ng2 g5
29. h4 Qg6 30. Ra2 cxb3 31. Bxb3 e6 32. Qd1 Rac8 33. Qa1 Rc7 34. axb5 Bxb5 35.
Rxa6 Bxa6 36. Qxa6 Qe8 37. c4 dxc4 38. Bxc4 Rc6 39. Qa2 Qc8 40. Bb3 Ra6 41. Qe2
Qb7 42. Bc4 Rb6 43. Qd3 Qd7 44. g4 Kh8 45. gxf5 exf5 46. hxg5 hxg5 47. Rf3 Rh6
48. Bb4 Rb8 49. e6 Qc7 50. Ne1 Rxb4 51. Bd5 Qh2+ 52. Kf1 Nd2+ 0-1

[Event "18. Obert Int. Sant Marti 2016 - B"]
[Site "Barcelona ESP"]
[Date "2016.07.21"]
[Round "9.5"]
[White "Ramal Mata, Rodrigo"]
[Black "Valarezzo Ricard, Pedro"]
[Result "1-0"]
[WhiteElo "1948"]
[BlackElo "1887"]
[PlyCount "91"]
[EventDate "2016.07.13"]
[EventType "swiss"]
[EventRounds "9"]
[EventCountry "ESP"]
[SourceTitle "Ajedrez en Madrid"]
[Source "lmi"]
[SourceDate "2016.07.13"]
[SourceVersion "1"]
[SourceVersionDate "2019.06.21"]
[SourceQuality "1"]

1. d4 Nf6 2. Bf4 Nh5 3. Bg5 h6 4. Bh4 g5 5. e3 Nf6 6. Bg3 Bg7 7. h3 Ne4 8. Bh2
d6 9. Bd3 Nf6 10. Ne2 b6 11. Nd2 Bb7 12. f3 Nd5 13. Bg1 Nb4 14. Nb3 Nxd3+ 15.
Qxd3 Nd7 16. e4 a5 17. a4 Nf6 18. O-O-O Qd7 19. Nc3 Ba6 20. Qe3 O-O 21. h4 g4
22. e5 Nh5 23. f4 Qf5 24. Nd5 Qd7 25. f5 Bc4 26. e6 Qd8 27. Nc3 fxe6 28. Nd2
Bd5 29. Nxd5 exd5 30. Bh2 Qd7 31. Rhf1 Qxa4 32. Nb3 Qd7 33. Bf4 Nxf4 34. Rxf4
h5 35. Rdf1 Bh6 36. Rxg4+ Kh7 37. Rg5 Rf6 38. Rxh5 a4 39. g4 axb3 40. g5 Ra1+
41. Kd2 Rxf1 42. gxf6 Rf2+ 43. Ke1 Rg2 44. Qxh6+ Kg8 45. Qh8+ Kf7 46. Rh7+ 1-0

[Event "18. Obert Int. Sant Marti 2016 - B"]
[Site "Barcelona ESP"]
[Date "2016.07.21"]
[Round "9.6"]
[White "Minguell Soler, Joan"]
[Black "Bieg Pagel, Clemens"]
[Result "1-0"]
[WhiteElo "1942"]
[BlackElo "1866"]
[PlyCount "49"]
[EventDate "2016.07.13"]
[EventType "swiss"]
[EventRounds "9"]
[EventCountry "ESP"]
[SourceTitle "Ajedrez en Madrid"]
[Source "lmi"]
[SourceDate "2016.07.13"]
[SourceVersion "1"]
[SourceVersionDate "2019.06.21"]
[SourceQuality "1"]

1. d4 d5 2. c4 c6 3. Nf3 Nf6 4. Nc3 dxc4 5. a4 Bf5 6. e3 e6 7. Bxc4 Bb4 8. O-O
O-O 9. Qb3 a5 10. Bd2 Na6 11. Rfd1 Qe7 12. Ne5 Bd6 13. f3 Nb4 14. e4 Bg6 15.
Nxg6 Bxh2+ 16. Kxh2 hxg6 17. Be3 Nh5 18. g3 g5 19. Kg2 Rad8 20. Rh1 g6 21. Rh3
Kg7 22. Rah1 f5 23. g4 fxg4 24. fxg4 Nf6 25. e5 1-0

[Event "18. Obert Int. Sant Marti 2016 - B"]
[Site "Barcelona ESP"]
[Date "2016.07.21"]
[Round "9.7"]
[White "Flores Mendoza, Jose Antonio"]
[Black "Parayre Soguero, Jordi"]
[Result "1/2-1/2"]
[WhiteElo "1877"]
[BlackElo "1918"]
[PlyCount "120"]
[EventDate "2016.07.13"]
[EventType "swiss"]
[EventRounds "9"]
[EventCountry "ESP"]
[SourceTitle "Ajedrez en Madrid"]
[Source "lmi"]
[SourceDate "2016.07.13"]
[SourceVersion "1"]
[SourceVersionDate "2019.06.21"]
[SourceQuality "1"]

1. d4 Nf6 2. Nf3 e6 3. Bg5 c5 4. e3 h6 5. Bh4 Nc6 6. c3 d5 7. Bb5 Be7 8. Nbd2
O-O 9. O-O Qb6 10. a4 a6 11. dxc5 Bxc5 12. Bxc6 bxc6 13. Bxf6 gxf6 14. b4 Be7
15. a5 Qc7 16. Nb3 c5 17. bxc5 Bxc5 18. Ra4 Be7 19. Rh4 Kh7 20. Nfd4 Rg8 21.
Qh5 Rg6 22. Ne2 Qe5 23. Nf4 Qxh5 24. Rxh5 Rg5 25. Rc1 Rb8 26. Nd4 Bd7 27. h4
Rxh5 28. Nxh5 e5 29. Nc2 f5 30. Nb4 Kg6 31. Nxd5 Bxh4 32. Ng3 Rb5 33. Nb6 Bc6
34. Rd1 Bxg3 35. Rd6+ Kg5 36. fxg3 Be4 37. Nc4 Rc5 38. Nd2 Rxa5 39. Nxe4+ fxe4
40. c4 Ra2 41. c5 Re2 42. c6 Rxe3 43. Rd5 Rc3 44. Rxe5+ f5 45. Re6 a5 46. Re5
Rxc6 47. Rxa5 Rc2 48. Ra8 e3 49. Rg8+ Kf6 50. Re8 Rc1+ 51. Kh2 Re1 52. Rh8 Kg7
53. Re8 e2 54. Re3 Kf6 55. Re8 h5 56. Re3 Kg5 57. Re8 Kf6 58. Re3 Kf7 59. Re5
Kg6 60. Re8 Kf6 1/2-1/2

[Event "18. Obert Int. Sant Marti 2016 - B"]
[Site "Barcelona ESP"]
[Date "2016.07.21"]
[Round "9.8"]
[White "Riera Danes, Manel"]
[Black "Pallares Gurrea, Aitor Alexander"]
[Result "1/2-1/2"]
[WhiteElo "1916"]
[BlackElo "1752"]
[PlyCount "25"]
[EventDate "2016.07.13"]
[EventType "swiss"]
[EventRounds "9"]
[EventCountry "ESP"]
[SourceTitle "Ajedrez en Madrid"]
[Source "lmi"]
[SourceDate "2016.07.13"]
[SourceVersion "1"]
[SourceVersionDate "2019.06.21"]
[SourceQuality "1"]

1. e4 d5 2. exd5 Qxd5 3. Nc3 Qa5 4. Bc4 e6 5. d3 Nf6 6. Bd2 c5 7. Nf3 a6 8. Qe2
Qc7 9. a4 Bd6 10. Ne4 Be7 11. Bc3 Nbd7 12. O-O Nxe4 13. Qxe4 1/2-1/2